000 00468nam a2200181Ia 4500
003 GCL
008 140319s9999 xx 000 0 eng d
040 _aGCL /
_cGCL
082 0 4 _a892.76
_bF S
100 1 _aFAOUZI, HUSSEIN
245 1 0 _aUNSINDBAD MODERNE /
_cFAOUZI, HUSSEIN
700 1 _aPOTIER-BOES, DIANE
260 _a[S.N] :
_bCONNAISSANE DE L'ORIENT ،
_c1988
300 _a192 P
650 0 4 _aLITERATURE
650 0 4 _aARABIC LITERATURE
942 _2ddc
_cBK
999 _c11293
_d11293